| Поле | Инд. | ПП | Название | Значение |
|---|---|---|---|---|
| Тип записи | a | |||
| Библиографический уровень | b | |||
| 001 | Контрольный номер | RU/IS/BASE/173376799 | ||
| 005 | Дата корректировки | 20210112135234.9 | ||
| 008 | Кодируемые данные | 20050629 | ||
| 084 | a | Индекс другой классификации/Индекс ББК | 60.9(7США)р30 | |
| 100 | 1_ | a | Автор | Фокин В. А. |
| q | Полное имя | Фокин Владимир Андреевич | ||
| 100 | 1_ | a | Автор | Фокин И. В. |
| u | Дополнение к имени | Фокин Игорь Владимирович | ||
| 245 | 10 | a | Заглавие | Методы обучения в профессиональном образовании социальных работников США |
| 520 | 0_ | a | Аннотация | "В статье дается обзор методов, используемых в США при подготовке студентов - будущих социальных работников... Рассказано о трех группах методов: организация обучения на аудиторных занятиях, оценка этих занятий и организация обучения и оценка на полевой практике." |
| 650 | 04 | a | Основная рубрика | профессиональное образование |
| a | Основная рубрика | социальная работа | ||
| 653 | 0_ | a | Ключевые слова | высшее образование |
| a | Ключевые слова | компьютерные технологии | ||
| a | Ключевые слова | методы обучения | ||
| a | Ключевые слова | образование | ||
| a | Ключевые слова | организация обучения | ||
| a | Ключевые слова | подготовка социальных работников | ||
| a | Ключевые слова | подготовка специалистов | ||
| a | Ключевые слова | полевые методы | ||
| a | Ключевые слова | практические занятия | ||
| a | Ключевые слова | профессиональная подготовка | ||
| a | Ключевые слова | психология профессий | ||
| a | Ключевые слова | социальные работники | ||
| a | Ключевые слова | США | ||
| a | Ключевые слова | экспериментальные методы | ||
| 773 | 18 | t | Заглавие источника | Вестник психосоциальной и коррекционно-реабилитационной работы |
| d | Дата издания источника | 2005 | ||
| g | Прочая информация | № 2. - С. 3 - 20 | ||
| w | Контрольный № источника | RU/IS/BASE/172847146 | ||
| 901 | t | Тип документа | b |